000
00277nam a2200109Ia 4500
001
588888
005
20250717120839.0
008
250717s9999 xx 000 0 und d
245
0
_a
Y-7 SULTAN 2. ABDÜLHAMİD
_c
NECMETTİN ALKAN
260
_b
ERDEM YAYINLARI
_c
2018
300
_b
142
999
_c
588888
_d
588888